Gaming Quiz

Random Gaming or Nintendo Quiz

Amiibo Figure Collection Quiz Stats

 Plays Quiz not verified by Sporcle

Also try: Childhood Games
Challenge
Share
Tweet
Embed
Score 0/181 Timer 20:00
0 Plays Today
Series Amiibo % Correct
Super Smash Bros. seriesKing K. Rool
100%
Super Smash Bros. seriesIce Climbers
100%
Super Smash Bros. seriesPiranha Plant
100%
Super Smash Bros. seriesIsabelle
100%
Super Smash Bros. seriesKen
100%
Super Smash Bros. seriesPichu
100%
Super Smash Bros. seriesYoung Link
100%
Super Smash Bros. seriesDaisy
100%
Super Smash Bros. seriesSamus
98.2%
Super Smash Bros. seriesMega Man
98.2%
Metroid seriesSamus Aran
98.2%
Mega Man Legacy Collection seriesMega Man - Gold Edition
98.2%
Super Smash Bros. seriesMario
96.5%
Super Smash Bros. seriesKirby
96.5%
Super Smash Bros. seriesPeach
96.5%
Super Smash Bros. seriesYoshi
96.5%
Super Smash Bros. seriesBowser
96.5%
30th Anniversary - Mario series30th Anniversary Mario - Classic Colours
96.5%
30th Anniversary - Mario series30th Anniversary Mario - Modern Colours
96.5%
Chibi-Robo seriesChibi-Robo
96.5%
Kirby seriesKirby
96.5%
Yoshi's Woolly World seriesLight Blue Yarn Yoshi
96.5%
Yoshi's Woolly World seriesGreen Yarn Yoshi
96.5%
Yoshi's Woolly World seriesPink Yarn Yoshi
96.5%
Yoshi's Woolly World seriesMega Yarn Yoshi
96.5%
Skylanders SuperChargers seriesTurbo Charge Donkey Kong
96.5%
Skylanders SuperChargers seriesHammer Slam Bowser
96.5%
Skylanders SuperChargers seriesTurbo Charge Donkey Kong Dark
96.5%
Skylanders SuperChargers seriesHammer Slam Bowser Dark
96.5%
Super Mario seriesMario (Wedding Outfit)
96.5%
Super Mario seriesBowser (Wedding Outfit)
96.5%
Super Mario seriesPeach (Wedding Outfit)
96.5%
Super Mario seriesBowser
96.5%
Super Mario seriesMario - Gold Edition
96.5%
Super Mario seriesMario
96.5%
Super Mario seriesPeach
96.5%
Super Mario seriesYoshi
96.5%
Super Mario seriesMario - Silver Edition
96.5%
Super Smash Bros. seriesDonkey Kong
94.7%
Super Smash Bros. seriesLink
94.7%
Super Smash Bros. seriesLuigi
94.7%
Super Smash Bros. seriesZelda
94.7%
Super Smash Bros. seriesKing Dedede
94.7%
Super Smash Bros. seriesRosalina
94.7%
Super Smash Bros. seriesWario
94.7%
Super Smash Bros. seriesBayonetta
94.7%
Super Smash Bros. seriesBayonetta - Player 2
94.7%
Animal Crossing seriesIsabelle - Winter Outfit
94.7%
Animal Crossing seriesIsabelle - Summer Outfit
94.7%
Kirby seriesKing Dedede
94.7%
Splatoon seriesMarie
94.7%
The Legend of Zelda seriesZelda
94.7%
The Legend of Zelda seriesLink (Rider)
94.7%
The Legend of Zelda seriesLink (Archer)
94.7%
The Legend of Zelda seriesZelda - The Wind Waker
94.7%
The Legend of Zelda seriesLink - Ocarina of Time
94.7%
The Legend of Zelda seriesLink - The Legend of Zelda
94.7%
The Legend of Zelda seriesLink - Twilight Princess
94.7%
The Legend of Zelda seriesLink - Skyward Sword
94.7%
The Legend of Zelda seriesLink - Majora's Mask
94.7%
Super Mario seriesLuigi
94.7%
Series Amiibo % Correct
Super Mario seriesRosalina
94.7%
Super Mario seriesDonkey Kong
94.7%
Super Mario seriesWario
94.7%
Detective Pikachu seriesDetective Pikachu
93.5%
Super Smash Bros. seriesPikachu
93%
Super Smash Bros. seriesDiddy Kong
93%
Super Smash Bros. seriesMeta Knight
93%
Super Smash Bros. seriesSonic
93%
Super Smash Bros. seriesToon Link
93%
Super Smash Bros. seriesRyu
93%
Kirby seriesMeta Knight
93%
Splatoon seriesInkling Girl
93%
Splatoon seriesInkling Boy
93%
Splatoon seriesInkling Boy (Purple)
93%
Splatoon seriesInkling Girl (Light Green)
93%
Splatoon seriesCallie
93%
Splatoon seriesInkling Girl (Splatoon 2)
93%
Splatoon seriesInkling Boy (Splatoon 2)
93%
Metroid seriesMetroid
93%
Shovel Knight seriesShovel Knight
93%
Pikmin seriesPikmin
93%
The Legend of Zelda seriesToon Link - The Wind Waker
93%
Super Mario seriesDiddy Kong
93%
Super Smash Bros. seriesMarth
91.2%
Super Smash Bros. seriesIke
91.2%
Super Smash Bros. seriesSheik
91.2%
Super Smash Bros. seriesCharizard
91.2%
Super Smash Bros. seriesGreninja
91.2%
Super Smash Bros. seriesRobin
91.2%
Super Smash Bros. seriesGanondorf
91.2%
Super Smash Bros. seriesFalco
91.2%
Super Smash Bros. seriesRoy
91.2%
Super Smash Bros. seriesCloud
91.2%
Super Smash Bros. seriesCloud - Player 2
91.2%
Super Mario seriesDaisy
91.2%
Super Mario seriesWaluigi
91.2%
30th Anniversary - Mega Man seriesMega Man
90.9%
Super Smash Bros. seriesFox
89.5%
Super Smash Bros. seriesPit
89.5%
Super Smash Bros. seriesLucario
89.5%
Super Smash Bros. seriesJigglypuff
89.5%
Super Smash Bros. seriesLucina
89.5%
Super Smash Bros. seriesPAC-MAN
89.5%
Super Smash Bros. seriesDark Pit
89.5%
Super Smash Bros. seriesBowser Jr.
89.5%
Super Smash Bros. seriesOlimar
89.5%
Super Smash Bros. seriesZero Suit Samus
89.5%
Super Smash Bros. seriesR.O.B.
89.5%
Super Smash Bros. seriesR.O.B. Famicom Colors
89.5%
Splatoon seriesPearl
89.3%
Splatoon seriesMarina
89.3%
Super Smash Bros. seriesVillager
87.7%
Super Smash Bros. seriesNess
87.7%
Super Smash Bros. seriesMewtwo
87.7%
Super Smash Bros. seriesLucas
87.7%
Super Smash Bros. seriesCorrin
87.7%
Super Smash Bros. seriesCorrin - Player 2
87.7%
Splatoon seriesInkling Squid
87.7%
Splatoon seriesInkling Squid (Orange)
87.7%
Splatoon seriesInkling Squid (Splatoon 2)
87.7%
Super Smash Bros. seriesWolf
87.5%
Series Amiibo % Correct
The Legend of Zelda seriesWolf Link
86%
Super Mario seriesBoo
86%
Super Smash Bros. seriesWii Fit Trainer
84.2%
Super Smash Bros. seriesLittle Mac
84.2%
Super Smash Bros. seriesPalutena
84.2%
Super Smash Bros. seriesDuck Hunt
84.2%
Animal Crossing seriesK.K.
84.2%
Animal Crossing seriesTom Nook
84.2%
Yoshi's Woolly World seriesPoochy
84.2%
Super Smash Bros. seriesShulk
82.5%
Super Smash Bros. seriesDr. Mario
82.5%
Shovel Knight seriesKing Knight
82.2%
Splatoon seriesOctoling Girl
81.8%
Splatoon seriesOctoling Boy
81.8%
Splatoon seriesOctoling Octopus
81.8%
Super Smash Bros. seriesInkling
81.8%
Super Smash Bros. seriesRidley
81.8%
Super Smash Bros. seriesCaptain Falcon
80.7%
Super Smash Bros. seriesMr. Game & Watch
80.7%
Super Smash Bros. seriesMii Brawler
80.7%
Super Smash Bros. seriesMii Gunner
80.7%
Super Smash Bros. seriesMii Swordfighter
80.7%
Animal Crossing seriesDigby
80.7%
Kirby seriesWaddle Dee
80.7%
Super Mario seriesGoomba
80.7%
Super Mario seriesKoopa
80.7%
Fire Emblem seriesChrom
78.9%
Super Mario seriesToad
78.9%
Shovel Knight seriesPlague Knight
77.8%
Animal Crossing seriesBlathers
77.2%
The Legend of Zelda seriesBokoblin
77.2%
Animal Crossing seriesMabel
75.4%
The Legend of Zelda seriesGuardian
75.4%
Animal Crossing seriesCeleste
73.7%
Animal Crossing seriesTimmy & Tommy
73.7%
Fire Emblem seriesAlm
73.7%
Shovel Knight seriesSpecter Knight
73.3%
Dark Souls seriesSolaire of Astora
72.7%
Animal Crossing seriesReese
71.9%
Animal Crossing seriesLottie
71.9%
Animal Crossing seriesResseti
71.9%
Animal Crossing seriesCyrus
70.2%
Animal Crossing seriesKicks
70.2%
Animal Crossing seriesKapp'n
68.4%
Fire Emblem seriesCelica
68.4%
Fire Emblem seriesTiki
68.4%
Animal Crossing seriesRover
66.7%
The Legend of Zelda seriesUrbosa
66.7%
The Legend of Zelda seriesMipha
66.7%
The Legend of Zelda seriesDaruk
66.7%
Diablo seriesGoblin
66.7%
The Legend of Zelda seriesRevali
64.9%
BOXBOY! seriesQbby
63.2%
Monster Hunter Stories seriesOne-Eyed Rathalos and Rider (Male)
63.2%
Monster Hunter Stories seriesOne-Eyed Rathalos and Rider (Female)
61.4%
Monster Hunter Stories seriesQurupeco and Dan
43.9%
Monster Hunter Stories seriesBarioth and Ayuria
43.9%
Monster Hunter Stories seriesRathian and Cheval
43.9%
Monster Hunter Stories seriesNavirou
35.1%

You're not logged in!

Compare scores with friends on all Sporcle quizzes.
OR
Log In

You Might Also Like...

Show Comments

Extras

Created Aug 30, 2017ReportNominate
Tags:Nintendo Quiz, amiibo, collection

Top Quizzes Today


Score Distribution

Your Account Isn't Verified!

In order to create a playlist on Sporcle, you need to verify the email address you used during registration. Go to your Sporcle Settings to finish the process.

Report this User

Report this user for behavior that violates our Community Guidelines.

Details: